Citez les 10 villes avec le plus d’habitants dans l’Aude - Statistiques

Statistiques générales
  • Ce quiz a été pris 34 fois
  • Le résultat moyen est 6 sur 10
Statistiques - réponses
Hab. Réponse % Correct
56 395 Narbonne
100%
46 218 Carcassonne
96%
12 448 Castelnaudary
62%
5 583 Sigean
58%
5 096 Gruissan
50%
10 952 Lézignan-Corbières
50%
10 302 Limoux
46%
5 905 Port-la-Nouvelle
42%
5 751 Coursan
27%
5 416 Trèbes
23%
Aucun quiz correspondant
Distribution des résultats
% des personnes avec chaque résultat
Percentile par nombre de réponses
Votre historique - résultats
Vous n’avez pas pris ce quiz